[Event "Østlandsserien 2001/2002. 3. div. D"]
[Site "?"]
[Date "2002.03.10"]
[Round "7"]
[White "Christenson, Thor"]
[Black "Thowsen, Alf Geir"]
[Result "0-1"]
[WhiteElo "1426"]
[BlackElo "1295"]
[PlyCount "84"]
[EventDate "2002.??.??"]

1. e4 e5 2. Nf3 Nc6 3. a3 Nf6 4. Nc3 Bc5 5. h3 a6 6. Be2 d6 7. d3 Be6 8. Bg5 h6
9. Bh4 Qd7 10. Na4 Ba7 11. c4 Nh5 12. Nxe5 Nxe5 13. Bxh5 Nxd3+ 14. Qxd3 Qxa4
15. b3 Qa5+ 16. b4 Qxh5 17. Bg3 O-O 18. O-O Qg5 19. Kh1 Rab8 20. f4 Qe7 21. f5
Bd7 22. Rad1 Bc6 23. Rfe1 Rbd8 24. Qe2 Qg5 25. Kh2 Rfe8 26. h4 Qf6 27. Qg4 Bd4
28. Kh1 Bb2 29. Rd3 Be5 30. Bf2 b5 31. cxb5 Bxb5 32. Rdd1 c6 33. Bb6 Rb8 34.
Be3 Bc3 35. Rg1 d5 36. Bf4 Rxe4 37. Qg3 Be5 38. Bxe5 Qxe5 39. Qh3 Qf4 40. g4
Be2 41. Rd3 Bxd3 42. Qxd3 Rbe8 0-1

[Event "Østlandsserien 2001/2002. 3. div. D"]
[Site "?"]
[Date "2002.03.10"]
[Round "7"]
[White "Furnes, Torstein"]
[Black "Randlejovic, Stefan"]
[Result "0-1"]
[WhiteElo "1520"]
[BlackElo "1191"]
[PlyCount "68"]
[EventDate "2002.??.??"]

1. d4 Nf6 2. c4 g6 3. Nc3 Bg7 4. e4 d6 5. Nf3 O-O 6. Be2 e5 7. O-O Nc6 8. d5
Ne7 9. Bg5 h6 10. Bxf6 Bxf6 11. Qd2 Kh7 12. b4 Bg7 13. c5 f5 14. cxd6 cxd6 15.
Rac1 a6 16. a4 f4 17. Rc2 g5 18. Rfc1 Ng6 19. a5 Bd7 20. Ra2 h5 21. Na4 Bxa4
22. Rxa4 g4 23. Ne1 f3 24. gxf3 Bh6 25. Qd1 Bxc1 26. Qxc1 Nf4 27. Qe3 gxf3 28.
Bxf3 Rg8+ 29. Kf1 Qe8 30. Ra2 Qg6 31. Ng2 Nxg2 32. Bxg2 Qxg2+ 33. Ke2 Rac8 34.
Qb6 Qxe4+ 0-1

[Event "Østlandsserien 2000/2001, 1. div"]
[Site "Follo, Akershus NOR"]
[Date "2000.11.25"]
[Round "1"]
[White "Johannessen, Leif Erlend"]
[Black "Øgaard, Leif"]
[Result "1/2-1/2"]
[WhiteElo "2412"]
[BlackElo "2313"]
[PlyCount "76"]
[EventDate "2000.11.11"]
[WhiteTeam "OSS"]
[BlackTeam "Follo"]

1. d4 d5 2. c4 e6 3. Nc3 c5 4. cxd5 exd5 5. Nf3 Nc6 6. g3 Nf6 7. Bg2 Be7 8. O-O
O-O 9. Bg5 cxd4 10. Nxd4 h6 11. Be3 Re8 12. Rc1 Bf8 13. a3 Bg4 14. h3 Be6 15.
Nxc6 bxc6 16. Bd4 Rc8 17. Kh2 Bf5 18. Qa4 Nd7 19. b4 a5 20. Rfd1 axb4 21. axb4
Qe7 22. b5 Ra8 23. Qb3 Reb8 24. Ra1 Rxa1 25. Rxa1 cxb5 26. e3 Nc5 27. Qxd5 Qe6
28. Qxe6 Bxe6 29. Be5 Re8 30. Bc6 Bd7 31. Bxd7 Nxd7 32. Bd4 b4 33. Nd5 Rb8 34.
Ra7 Nc5 35. Be5 Re8 36. Bd4 Ne6 37. Rb7 Rd8 38. Nxb4 Nxd4 1/2-1/2

[Event "Østlandsserien 2000/2001, 1. div"]
[Site "Follo, Akershus NOR"]
[Date "2000.11.25"]
[Round "1"]
[White "Ofstad, Per"]
[Black "Heim, Sverre"]
[Result "0-1"]
[WhiteElo "2170"]
[BlackElo "2319"]
[PlyCount "90"]
[EventDate "2000.11.11"]
[WhiteTeam "Follo"]
[BlackTeam "OSS"]

1. e4 c5 2. c3 e6 3. d4 d5 4. exd5 exd5 5. Nf3 Nc6 6. Bb5 Bd6 7. O-O Nge7 8.
dxc5 Bxc5 9. Nbd2 O-O 10. Nb3 Bd6 11. h3 Bf5 12. Bd3 Qd7 13. Nbd4 Bg6 14. Be3
Rac8 15. Re1 Rfe8 16. Qd2 Bb8 17. Rad1 Qc7 18. Bxg6 hxg6 19. Nxc6 bxc6 20. g3
Nf5 21. Bf4 Qb6 22. Bxb8 Rxb8 23. Kg2 Nd6 24. Rxe8+ Rxe8 25. Re1 Rxe1 26. Qxe1
Ne4 27. Qe2 a5 28. Ne5 Qc7 29. Nf3 Qb7 30. Nd4 a4 31. a3 Qa8 32. f3 Nf6 33. Qe7
Qb8 34. Qb4 Qe5 35. Nxc6 Qe2+ 36. Kg1 Nh5 37. Qb8+ Kh7 38. Nd4 Qe1+ 39. Kg2 f5
40. h4 f4 41. gxf4 Qd2+ 42. Kf1 Nxf4 43. Qb5 Nd3 44. Kg1 Qf2+ 45. Kh1 Nf4 0-1

[Event "Østlandsserien 2000/2001, 1. div"]
[Site "Follo, Akershus NOR"]
[Date "2000.11.25"]
[Round "1"]
[White "Trygstad, Kristian"]
[Black "Solem, Trond"]
[Result "0-1"]
[WhiteElo "2315"]
[BlackElo "2118"]
[PlyCount "60"]
[EventDate "2000.11.11"]
[WhiteTeam "OSS"]
[BlackTeam "Follo"]

1. e4 e6 2. d4 d5 3. Nc3 Bb4 4. e5 Ne7 5. Bd2 c5 6. f4 Nbc6 7. Nf3 cxd4 8. Nb5
Bc5 9. a3 Nf5 10. b4 Bb6 11. Bd3 O-O 12. g4 Ne3 13. Qe2 a6 14. Nd6 f6 15. h4
fxe5 16. Bxh7+ Kxh7 17. Ng5+ Kg8 18. Qd3 e4 19. Ndxe4 dxe4 20. Qxe4 Nf5 21.
gxf5 exf5 22. Qf3 Qe8+ 23. Kf1 Be6 24. Re1 Bc4+ 25. Kg1 Qg6 26. a4 Rad8 27. b5
d3+ 28. Kh2 Bd5 29. Qd1 Bxh1 30. Re6 Rf6 0-1

[Event "Østlandsserien 2000/2001, 1. div"]
[Site "Follo, Akershus NOR"]
[Date "2000.11.25"]
[Round "1"]
[White "Ådnøy, Hallvard"]
[Black "Johannessen, Svein"]
[Result "1/2-1/2"]
[WhiteElo "2112"]
[BlackElo "2217"]
[PlyCount "87"]
[EventDate "2000.11.11"]
[WhiteTeam "Follo"]
[BlackTeam "OSS"]

1. e4 e6 2. d3 c5 3. Nf3 Nc6 4. g3 d5 5. Nbd2 Bd6 6. Bg2 Nge7 7. O-O O-O 8. Nh4
dxe4 9. dxe4 e5 10. Nc4 Bc7 11. Qh5 Be6 12. Ne3 f6 13. c3 c4 14. Rd1 Qc8 15.
Qe2 b5 16. Nd5 Bd8 17. Be3 Na5 18. b4 cxb3 19. axb3 Nxb3 20. Rab1 Na5 21. Qxb5
Nec6 22. Bc5 Rf7 23. Nf5 Rb7 24. Qe2 Rxb1 25. Rxb1 g6 26. Qd2 gxf5 27. Qh6 Kh8
28. Bf8 Qd7 29. Ne7 Qxe7 30. Bxe7 Bxe7 31. Qh5 f4 32. Bh3 Bxh3 33. Qxh3 Rd8 34.
Qg4 Bc5 35. Rd1 Rxd1+ 36. Qxd1 fxg3 37. hxg3 Kg7 38. Kg2 Ne7 39. Qd7 Nac6 40.
Qg4+ Kf7 41. Qe2 Bb6 42. Kh3 Kg7 43. Qg4+ Kf7 44. Qh5+ 1/2-1/2

[Event "Østlandsserien 2000/2001, 1. div"]
[Site "Follo, Akershus NOR"]
[Date "2000.11.25"]
[Round "1"]
[White "Moen, Andreas"]
[Black "Kirkebø, Carl Peter"]
[Result "1-0"]
[WhiteElo "2033"]
[BlackElo "1972"]
[PlyCount "51"]
[EventDate "2000.11.11"]
[WhiteTeam "OSS"]
[BlackTeam "Follo"]

1. d4 Nf6 2. Nf3 e6 3. c4 c5 4. Nc3 cxd4 5. Nxd4 Nc6 6. g3 Qb6 7. Ndb5 Bc5 8.
Nd6+ Ke7 9. Nce4 Nxe4 10. Nxe4 Bb4+ 11. Nd2 d5 12. cxd5 exd5 13. Bg2 Be6 14.
O-O Rhd8 15. Nb3 Kf8 16. Qd3 Kg8 17. Bg5 Rd7 18. Be3 Qd8 19. Nd4 Ne5 20. Qb3
Bf8 21. f4 Nc4 22. f5 Nxe3 23. Qxe3 Bc5 24. fxe6 Qb6 25. exf7+ Kf8 26. Ne6+ 1-0

[Event "Østlandsserien 2000/2001, 1. div"]
[Site "Follo, Akershus NOR"]
[Date "2000.11.25"]
[Round "1"]
[White "Næssvold, Kjell"]
[Black "Guddahl, Viggo"]
[Result "1-0"]
[WhiteElo "1881"]
[BlackElo "2016"]
[PlyCount "80"]
[EventDate "2000.11.11"]
[WhiteTeam "Follo"]
[BlackTeam "OSS"]

1. e4 c5 2. Nf3 Nc6 3. d4 cxd4 4. Nxd4 Nf6 5. Nc3 e5 6. Ndb5 d6 7. a4 h6 8. Bc4
a6 9. Na3 Be7 10. O-O O-O 11. f3 Be6 12. Nd5 Bxd5 13. exd5 Nb8 14. Be3 Nbd7 15.
Ba2 Nh5 16. c4 Bg5 17. Qd2 Bxe3+ 18. Qxe3 Nf4 19. g3 Nh3+ 20. Kg2 Ng5 21. h4
Nh7 22. Rae1 f5 23. f4 Nhf6 24. Qe2 exf4 25. Rxf4 Qb6 26. Qf2 Qa5 27. Bb1 Ng4
28. Qg1 Qd2+ 29. Kh3 g6 30. Nc2 Rae8 31. Rd1 Qa5 32. Nd4 Qxa4 33. b3 Qa3 34.
Ne6 Rf7 35. Qd4 Nde5 36. h5 gxh5 37. Bxf5 Qxb3 38. Rdf1 Qa2 39. Bxg4 hxg4+ 40.
Rxg4+ Nxg4 1-0

[Event "Østlandsserien 2000/2001, 1. div"]
[Site "Vevelstad, Akershus NOR"]
[Date "2000.11.12"]
[Round "2"]
[White "Johansen, Terje"]
[Black "Solem, Trond"]
[Result "1/2-1/2"]
[WhiteElo "2173"]
[BlackElo "2118"]
[PlyCount "60"]
[EventDate "2000.11.11"]
[WhiteTeam "Strømmen"]
[BlackTeam "Follo"]

1. d4 e6 2. c4 b6 3. a3 Bb7 4. Nc3 f5 5. d5 Bd6 6. g3 Nf6 7. Bg2 a5 8. Nh3 Na6
9. O-O O-O 10. Qc2 Nc5 11. Be3 Ng4 12. Bg5 Qe8 13. f3 Ne5 14. Nb5 Nf7 15. Nxd6
Nxd6 16. Rad1 exd5 17. cxd5 a4 18. e4 fxe4 19. fxe4 Rxf1+ 20. Rxf1 Ndxe4 21.
Re1 Bxd5 22. Nf2 Bb3 23. Qb1 d5 24. Nxe4 dxe4 25. Bxe4 Nxe4 26. Qxe4 Qxe4 27.
Rxe4 h6 28. Bf4 c5 29. Bc7 b5 30. Re5 b4 1/2-1/2

[Event "Østlandsserien 2000/2001, 1. div"]
[Site "Vevelstad, Akershus NOR"]
[Date "2000.11.12"]
[Round "2"]
[White "Ådnøy, Hallvard"]
[Black "Ulvin, Dag"]
[Result "0-1"]
[WhiteElo "2112"]
[BlackElo "2194"]
[PlyCount "75"]
[EventDate "2000.11.11"]
[WhiteTeam "Follo"]
[BlackTeam "Strømmen"]

1. e4 e5 2. Nf3 Nc6 3. Bb5 a6 4. Bxc6 dxc6 5. Nc3 Qd6 6. d4 exd4 7. Nxd4 Qg6 8.
O-O Bg4 9. f3 Bh3 10. Qe2 Bb4 11. Kh1 Bd7 12. f4 Qg4 13. Qc4 Be7 14. a4 Nh6 15.
Nf3 Qh5 16. f5 g5 17. Qd4 f6 18. Ne2 c5 19. Qc3 O-O-O 20. Be3 b6 21. Ng3 Qf7
22. a5 Bb5 23. e5 Ng4 24. e6 Qe8 25. Rfd1 h5 26. axb6 cxb6 27. Ne4 Qc6 28. Ned2
h4 29. h3 Nh6 30. Nc4 Nxf5 31. Bf2 g4 32. hxg4 Ng3+ 33. Bxg3 hxg3+ 34. Kg1 Qxe6
35. Ne3 Bc6 36. Nf5 Kb7 37. Re1 Be4 38. Qe3 0-1

[Event "Østlandsserien 2000/2001, 1. div"]
[Site "Vevelstad, Akershus NOR"]
[Date "2000.11.12"]
[Round "2"]
[White "Chavannes, Ivar"]
[Black "Semakoff, Aleks"]
[Result "1-0"]
[WhiteElo "2030"]
[BlackElo "2115"]
[PlyCount "58"]
[EventDate "2000.11.11"]
[WhiteTeam "Strømmen"]
[BlackTeam "Follo"]

1. d4 d5 2. c4 e6 3. Nf3 c5 4. cxd5 exd5 5. g3 Nc6 6. Bg2 Nf6 7. O-O Be7 8.
dxc5 Bxc5 9. Bg5 O-O 10. Nc3 d4 11. Nb5 Bg4 12. Qc1 Be7 13. Rd1 Qb6 14. Nbxd4
Bxf3 15. Nxf3 Ng4 16. e3 Bxg5 17. Nxg5 Nce5 18. h3 h6 19. Ne4 Rac8 20. Qb1 Nxe3
21. fxe3 Qxe3+ 22. Kh2 Nf3+ 23. Bxf3 Qxf3 24. Qd3 Qh5 25. Nc3 Rfe8 26. Rd2 Re6
27. Nd5 Qg5 28. Rf1 Re5 29. h4 Qg4 1-0

[Event "Østlandsserien 2000/2001, 1. div"]
[Site "Vevelstad, Akershus NOR"]
[Date "2000.11.12"]
[Round "2"]
[White "Kirkebø, Carl Peter"]
[Black "Lillevold, Frode"]
[Result "1-0"]
[WhiteElo "1972"]
[BlackElo "2022"]
[PlyCount "41"]
[EventDate "2000.11.11"]
[WhiteTeam "Follo"]
[BlackTeam "Strømmen"]

1. c4 e6 2. g3 d5 3. Bg2 Nf6 4. Nf3 Be7 5. O-O O-O 6. d4 dxc4 7. Qc2 a6 8. Rd1
Nbd7 9. Nbd2 c5 10. Nxc4 Nd5 11. dxc5 Qc7 12. Ng5 Bxg5 13. Bxg5 Qxc5 14. Qb3 h6
15. Bd2 b5 16. Ne3 Bb7 17. Rac1 Qb6 18. Nxd5 exd5 19. Be3 Qe6 20. Rc7 Rab8 21.
Rxb7 1-0

[Event "Østlandsserien 2000/2001, 1. div"]
[Site "Vevelstad, Akershus NOR"]
[Date "2000.11.12"]
[Round "2"]
[White "Einvik, Gunnar"]
[Black "Næssvold, Kjell"]
[Result "1-0"]
[WhiteElo "1982"]
[BlackElo "1881"]
[PlyCount "141"]
[EventDate "2000.11.11"]
[WhiteTeam "Strømmen"]
[BlackTeam "Follo"]

1. e4 c5 2. Nf3 e6 3. c3 d5 4. exd5 exd5 5. d4 Nc6 6. Bb5 cxd4 7. Qxd4 a6 8.
Qe3+ Qe7 9. Bxc6+ bxc6 10. Ne5 Bb7 11. O-O f6 12. Nd3 Qxe3 13. Bxe3 Kf7 14. Nd2
Ne7 15. Nb3 Nf5 16. Bc5 a5 17. Bb6 Ba6 18. Rfd1 Bxd3 19. Rxd3 a4 20. Nd4 Nxd4
21. Rxd4 Bd6 22. Rd2 Bf4 23. Re2 Rhe8 24. Rae1 Rxe2 25. Rxe2 Rb8 26. Bc5 Be5
27. g3 g5 28. h4 Rb5 29. Be3 g4 30. Bd4 Bxd4 31. cxd4 Kg6 32. Kg2 Kf5 33. f3 c5
34. fxg4+ Kxg4 35. Rf2 cxd4 36. Rf4+ Kh5 37. Rxf6 Kg4 38. Rf4+ Kh5 39. Kh3 Kg6
40. Rxd4 Rxb2 41. a3 Rb3 42. Rxa4 d4 43. Kg4 d3 44. Kf3 d2+ 45. Ke2 Rb2 46. Rd4
Ra2 47. a4 Kg7 48. g4 h6 49. h5 Kh7 50. Rd7+ Kg8 51. Ra7 Kh8 52. a5 Kg8 53. Ra6
Kh7 54. Kd1 Ra4 55. Kxd2 Rxg4 56. Rg6 Rd4+ 57. Kc3 Rd5 58. Kb4 Rxh5 59. Rg3 Rf5
60. a6 Rf8 61. a7 h5 62. Ra3 Ra8 63. Ra6 h4 64. Kb5 Rxa7 65. Rxa7+ Kg6 66. Kc4
Kf5 67. Kd3 Kf4 68. Ke2 Kg3 69. Kf1 Kh2 70. Kf2 Kh3 71. Rh7 1-0

[Event "Østlandsserien 2000/2001, 1. div"]
[Site "Vevelstad, Akershus NOR"]
[Date "2000.11.12"]
[Round "2"]
[White "Øgaard, Henning"]
[Black "Bjerke, Silje"]
[Result "1-0"]
[WhiteElo "1821"]
[BlackElo "1912"]
[PlyCount "61"]
[EventDate "2000.11.11"]
[WhiteTeam "Follo"]
[BlackTeam "Strømmen"]

1. d4 d5 2. Nf3 c6 3. Bg5 Nd7 4. e3 Ngf6 5. Nbd2 e6 6. Bd3 Be7 7. O-O O-O 8.
Ne5 c5 9. c3 h6 10. Bh4 Qc7 11. f4 Re8 12. Rf3 Nf8 13. Rg3 Bd7 14. Qf3 Ne4 15.
Qh5 Nxg3 16. Qxf7+ Kh8 17. Bxe7 Rxe7 18. Qxe7 Nf5 19. Qf7 Qd8 20. g4 Ne7 21.
Qh5 Be8 22. Qh3 Kg8 23. Ndf3 Neg6 24. f5 Nxe5 25. Nxe5 exf5 26. Rf1 fxg4 27.
Nxg4 Bd7 28. Nxh6+ gxh6 29. Qxh6 Qe7 30. Rf3 Qe6 31. Rxf8+ 1-0

[Event "Østlandsserien 2000/2001, 1. div"]
[Site "Sarpsborg, Østfold NOR"]
[Date "2000.12.03"]
[Round "3"]
[White "Øgaard, Leif"]
[Black "Qvortrup, Jan"]
[Result "1-0"]
[WhiteElo "2313"]
[BlackElo "2224"]
[PlyCount "79"]
[EventDate "2000.11.11"]
[WhiteTeam "Follo"]
[BlackTeam "Sarpsborg"]

1. c4 c6 2. e4 d5 3. exd5 cxd5 4. d4 Nf6 5. Nc3 g6 6. Nf3 Bg7 7. Be2 O-O 8. O-O
b6 9. Bg5 dxc4 10. Re1 Nc6 11. Bxc4 Bg4 12. d5 Na5 13. Bf1 h6 14. Bh4 g5 15.
Bg3 Rc8 16. Qd3 Nc4 17. b3 Nd6 18. Nd4 Rxc3 19. Qxc3 Nxd5 20. Qd2 e6 21. h3 Bh5
22. Rac1 Bxd4 23. Qxd4 Nf5 24. Qe5 Nxg3 25. Qxg3 Nf4 26. Qe3 Qf6 27. g3 Nd5 28.
Qe5 Qxe5 29. Rxe5 Rd8 30. h4 Nb4 31. a3 Nd3 32. Bxd3 Rxd3 33. Rb1 Bg6 34. hxg5
hxg5 35. Rxg5 Rd2 36. Re1 Kg7 37. b4 a6 38. Rge5 Kf6 39. R5e3 a5 40. Rf3+ 1-0

[Event "Østlandsserien 2000/2001, 1. div"]
[Site "Sarpsborg, Østfold NOR"]
[Date "2000.12.03"]
[Round "3"]
[White "Johansen, Øivind"]
[Black "Solem, Trond"]
[Result "0-1"]
[WhiteElo "2135"]
[BlackElo "2118"]
[PlyCount "80"]
[EventDate "2000.11.11"]
[WhiteTeam "Sarpsborg"]
[BlackTeam "Follo"]

1. Nf3 f5 2. c4 Nf6 3. g3 g6 4. Bg2 Bg7 5. Nc3 O-O 6. d3 d6 7. Bg5 h6 8. Bd2 e5
9. Qc2 Nc6 10. O-O Be6 11. Rab1 Qd7 12. b4 g5 13. b5 Ne7 14. Ne1 c6 15. bxc6
bxc6 16. Qa4 f4 17. Qa6 Rab8 18. Nf3 Ng6 19. Ne1 Rxb1 20. Nxb1 d5 21. cxd5 cxd5
22. Nc3 Rb8 23. Na4 Bf8 24. Nc2 Qc8 25. Qxc8 Bxc8 26. Rc1 Bd7 27. Nc3 Be6 28.
Rb1 Rxb1+ 29. Nxb1 d4 30. Ba5 Bxa2 31. Nd2 Nd5 32. Kf1 Bc5 33. Be4 Nge7 34. Nf3
Nc6 35. Bxd5+ Bxd5 36. Bc7 e4 37. Ne5 f3 38. Nxc6 Bxc6 39. Ke1 fxe2 40. dxe4 d3
0-1

[Event "Østlandsserien 2000/2001, 1. div"]
[Site "Sarpsborg, Østfold NOR"]
[Date "2000.12.03"]
[Round "3"]
[White "Ådnøy, Hallvard"]
[Black "Solberg, Joakim"]
[Result "1/2-1/2"]
[WhiteElo "2112"]
[BlackElo "1990"]
[PlyCount "79"]
[EventDate "2000.11.11"]
[WhiteTeam "Follo"]
[BlackTeam "Sarpsborg"]

1. e4 e5 2. Nf3 Nf6 3. d3 Nc6 4. Be2 d5 5. Nbd2 Be7 6. O-O O-O 7. c3 Bg4 8. Qc2
h6 9. b4 a6 10. a3 Qd7 11. Bb2 Rfe8 12. Rfe1 Bf8 13. Bf1 Rad8 14. Rad1 Kh8 15.
Be2 Kg8 16. Nf1 d4 17. cxd4 Nxd4 18. Nxd4 exd4 19. Nd2 Bxe2 20. Rxe2 Nd5 21. g3
Ne7 22. Nb3 Nc6 23. Kg2 Qg4 24. f3 Qd7 25. Bc1 Qe6 26. Rde1 f6 27. Bd2 Kh7 28.
Rc1 Qf7 29. Be1 Rd7 30. Nd2 Ne5 31. Nc4 Nxc4 32. Qxc4 Qxc4 33. Rxc4 c6 34. Bf2
Red8 35. e5 fxe5 36. Rxe5 Be7 37. g4 Bf6 38. Re4 Rd5 39. Bg3 R8d7 40. f4
1/2-1/2

[Event "Østlandsserien 2000/2001, 1. div"]
[Site "Sarpsborg, Østfold NOR"]
[Date "2000.12.03"]
[Round "3"]
[White "Knutsen, Ragnar"]
[Black "Semakoff, Aleks"]
[Result "1/2-1/2"]
[WhiteElo "1773"]
[BlackElo "2115"]
[PlyCount "26"]
[EventDate "2000.11.11"]
[WhiteTeam "Sarpsborg"]
[BlackTeam "Follo"]

1. e4 d5 2. exd5 Qxd5 3. Nc3 Qa5 4. d4 Nf6 5. Bc4 Bf5 6. Bd2 c6 7. Nd5 Qd8 8.
Nxf6+ gxf6 9. c3 e6 10. Nf3 Nd7 11. Nh4 Bg6 12. Qf3 Qc7 13. Qh3 Bg7 1/2-1/2

[Event "Østlandsserien 2000/2001, 1. div"]
[Site "Sarpsborg, Østfold NOR"]
[Date "2000.12.03"]
[Round "3"]
[White "Sondresen, Per"]
[Black "Jensen, Arne-Roger"]
[Result "1/2-1/2"]
[WhiteElo "1767"]
[BlackElo "1852"]
[PlyCount "86"]
[EventDate "2000.11.11"]
[WhiteTeam "Follo"]
[BlackTeam "Sarpsborg"]

1. Nf3 c5 2. c4 Nf6 3. Nc3 e6 4. e3 d5 5. cxd5 Nxd5 6. d4 cxd4 7. exd4 Nxc3 8.
bxc3 Be7 9. Bd3 Nc6 10. O-O O-O 11. Bf4 Bf6 12. Re1 b6 13. Be4 Bb7 14. Rc1 Rc8
15. c4 Qd7 16. d5 exd5 17. Qxd5 Qxd5 18. cxd5 Nd4 19. Nxd4 Bxd4 20. Rcd1 Bc3
21. Bd2 Bxd2 22. Rxd2 Rfe8 23. Rde2 f5 24. Bf3 Rxe2 25. Bxe2 Bxd5 26. f3 Bxa2
27. Ra1 Bc4 28. Bxc4+ Rxc4 29. Rxa7 Rc2 30. h3 b5 31. Kh2 b4 32. Rb7 Rb2 33.
Kg3 b3 34. Kf4 Rb1 35. Kxf5 b2 36. f4 Kf8 37. g4 Ke8 38. h4 Kd8 39. g5 Kc8 40.
Rb3 Kd7 41. h5 Ke7 42. Rb7+ Kd6 43. h6 gxh6 1/2-1/2

[Event "Østlandsserien 2000/2001, 1. div"]
[Site "Sarpsborg, Østfold NOR"]
[Date "2000.12.03"]
[Round "3"]
[White "Lømo, Markus"]
[Black "Moberg, Reidar"]
[Result "1-0"]
[WhiteElo "1841"]
[BlackElo "1618"]
[PlyCount "101"]
[EventDate "2000.11.11"]
[WhiteTeam "Sarpsborg"]
[BlackTeam "Follo"]

1. e4 c5 2. Nf3 Nc6 3. d4 cxd4 4. Nxd4 e6 5. Nb5 d6 6. c4 a6 7. N5c3 Nf6 8. Be2
Be7 9. Be3 O-O 10. O-O b6 11. f4 Bb7 12. Bf3 Qc7 13. Qe2 Rac8 14. Na3 Nb4 15.
Rac1 Qb8 16. Rfd1 d5 17. e5 Ne4 18. Bxe4 dxe4 19. Bxb6 Nd3 20. Rb1 Bxa3 21.
bxa3 Rxc4 22. Rb3 Rfc8 23. Qd2 Ba8 24. Rdb1 g5 25. g3 gxf4 26. gxf4 Kh8 27. Kf1
Rg8 28. Bf2 Qc7 29. Bh4 h6 30. Ne2 Qc5 31. Rb8 Rc2 32. Rxg8+ Kxg8 33. Qd1 Bc6
34. Nd4 Bb5 35. Rxb5 Qxd4 36. Rb8+ Kh7 37. Qxc2 Qe3 38. Bg3 Qf3+ 39. Kg1 Qe3+
40. Bf2 Qxf4 41. Qe2 Qxe5 42. Bg3 Qd4+ 43. Kg2 f5 44. Qc2 Qg7 45. Qc8 Nf4+ 46.
Kf1 Qa1+ 47. Be1 Kg6 48. Qg8+ Kh5 49. Qf7+ Kg4 50. Rg8+ Kf3 51. Rg3# 1-0

[Event "Østlandsserien 2000/2001, 1. div."]
[Site "Oslo"]
[Date "2001.01.20"]
[Round "4.1"]
[White "Kristensen, Bjarke"]
[Black "Øgaard, Leif"]
[Result "1-0"]
[WhiteElo "2349"]
[BlackElo "2313"]
[PlyCount "83"]
[EventDate "2000.11.11"]
[WhiteTeam "Asker"]
[BlackTeam "Follo"]

1. e4 c5 2. Nf3 e6 3. Nc3 a6 4. g3 b5 5. Bg2 Bb7 6. d3 Nc6 7. O-O d6 8. a3 Be7
9. Bd2 Nf6 10. h3 O-O 11. Nh2 d5 12. Ng4 dxe4 13. Nxf6+ Bxf6 14. Nxe4 Be7 15.
Be3 Nd4 16. Nf6+ Bxf6 17. Bxb7 Rb8 18. Bg2 Qd6 19. Re1 Be5 20. b4 cxb4 21. axb4
Rfc8 22. Ra2 Qc7 23. Bd2 Nf5 24. c3 Rb6 25. d4 Bd6 26. Qf3 Ne7 27. Rea1 Qa7 28.
Qg4 Rd8 29. d5 Qd7 30. dxe6 Qxe6 31. Qxe6 fxe6 32. Be3 Rbb8 33. Rxa6 Be5 34.
Bc5 Nd5 35. Rxe6 Bxc3 36. Ra3 Bf6 37. Bd6 Rxd6 38. Rxd6 Nxb4 39. Ra8 Rxa8 40.
Bxa8 Nc2 41. Bd5+ Kf8 42. Be4 1-0

[Event "Østlandsserien 2000/2001, 1. div."]
[Site "Oslo"]
[Date "2001.01.20"]
[Round "4.2"]
[White "Solem, Trond"]
[Black "Elseth, Roar"]
[Result "0-1"]
[WhiteElo "2118"]
[BlackElo "2287"]
[PlyCount "76"]
[EventDate "2000.11.11"]
[WhiteTeam "Follo"]
[BlackTeam "Asker"]

1. d4 Nf6 2. c4 e6 3. Nc3 Bb4 4. a3 Bxc3+ 5. bxc3 c5 6. e3 O-O 7. Bd3 Nc6 8.
Ne2 d6 9. O-O e5 10. e4 h6 11. f4 exd4 12. cxd4 cxd4 13. Rb1 Re8 14. Qc2 Qe7
15. Re1 Ng4 16. h3 Qh4 17. Rf1 Nf6 18. Bd2 Nd7 19. Be1 Qf6 20. e5 dxe5 21. fxe5
Qxe5 22. Bg3 Qe7 23. Nf4 Nde5 24. Nd5 Qd8 25. Rbe1 Bd7 26. Re4 f6 27. Ref4 Rf8
28. Qd2 f5 29. Bxf5 Bxf5 30. Rxf5 Rxf5 31. Rxf5 Qd6 32. Qf4 Re8 33. Qe4 d3 34.
Kh2 d2 35. Rf1 Qg6 36. Qf4 Qc2 37. Ne3 Qd3 38. Rd1 Ng6 0-1

[Event "Østlandsserien 2000/2001, 1. div."]
[Site "Oslo"]
[Date "2001.01.20"]
[Round "4.3"]
[White "Grotnes, Nils"]
[Black "Ådnøy, Hallvard Voll"]
[Result "1-0"]
[WhiteElo "2238"]
[BlackElo "2114"]
[PlyCount "81"]
[EventDate "2000.11.11"]
[WhiteTeam "Asker"]
[BlackTeam "Follo"]

1. d4 Nf6 2. c4 e6 3. Nc3 d5 4. Bg5 c5 5. cxd5 cxd4 6. Qa4+ Qd7 7. Qxd4 Nc6 8.
Qd2 Nxd5 9. Nxd5 exd5 10. a3 h6 11. Bf4 d4 12. e4 Qe6 13. Bd3 g5 14. Bg3 f5 15.
f3 f4 16. Bf2 Qb3 17. Ne2 Bg7 18. Nc1 Qf7 19. Bb5 O-O 20. Nd3 Be6 21. Rc1 Rac8
22. O-O Rfd8 23. h4 Bf6 24. Rfe1 Ne5 25. Nxe5 Bxe5 26. Rxc8 Rxc8 27. Rc1 Rd8
28. Bd3 Kg7 29. Qa5 Qf6 30. hxg5 hxg5 31. Rc5 b6 32. Qxa7+ Rd7 33. Qxb6 g4 34.
fxg4 f3 35. gxf3 Rf7 36. Rxe5 Qxf3 37. Qxd4 Qxg4+ 38. Kf1 Qd1+ 39. Kg2 Qg4+ 40.
Bg3 Rd7 41. Rd5+ 1-0

[Event "Østlandsserien 2000/2001, 1. div."]
[Site "Oslo"]
[Date "2001.01.20"]
[Round "4.4"]
[White "Semakoff, Aleks"]
[Black "Jansson, Jøran"]
[Result "1/2-1/2"]
[WhiteElo "2215"]
[BlackElo "2124"]
[PlyCount "80"]
[EventDate "2000.11.11"]
[WhiteTeam "Follo"]
[BlackTeam "Asker"]

1. e4 c5 2. Nf3 d6 3. d4 cxd4 4. Nxd4 Nf6 5. Nc3 a6 6. a4 e5 7. Nf3 Qc7 8. Bg5
Nbd7 9. Nd2 h6 10. Bh4 Be7 11. Bc4 Nb6 12. Bb3 Be6 13. Bxf6 Bxf6 14. a5 Nc8 15.
Nd5 Bxd5 16. Bxd5 O-O 17. Nc4 Ra7 18. O-O b5 19. axb6 Nxb6 20. Nxb6 Qxb6 21. b3
a5 22. Ra4 Bd8 23. Qd3 Qb8 24. Kh1 Bb6 25. g3 Qc8 26. Kg2 Rc7 27. Rc4 Rxc4 28.
Bxc4 Qc5 29. Qd5 Qxd5 30. Bxd5 Rc8 31. Bc4 Bd4 32. Bd3 Kf8 33. Kf3 Ke7 34. Ke2
Kd7 35. f4 f6 36. f5 Kc6 37. Bc4 Kc5 38. Kd2 Kb4 39. Rf3 Rxc4 40. bxc4 Kxc4
1/2-1/2

[Event "Østlandsserien 2000/2001, 1. div."]
[Site "Oslo"]
[Date "2001.01.20"]
[Round "4.5"]
[White "Ekeberg, Carl Fredrik"]
[Black "Kleppe, Johannes"]
[Result "1-0"]
[WhiteElo "2067"]
[BlackElo "2043"]
[PlyCount "76"]
[EventDate "2000.11.11"]
[WhiteTeam "Asker"]
[BlackTeam "Follo"]

1. c4 Nf6 2. g3 c6 3. Bg2 d5 4. Nf3 g6 5. b3 Bg7 6. Bb2 O-O 7. O-O a5 8. d3
Nbd7 9. Qc2 b6 10. a3 Bb7 11. b4 Re8 12. d4 b5 13. cxb5 cxb5 14. bxa5 Qxa5 15.
Bc3 Rec8 16. Qd3 Qd8 17. Bb4 Ne4 18. Nfd2 Nxd2 19. Nxd2 Nb6 20. Nb3 Rc4 21. e3
Na4 22. Nd2 Rcc8 23. Rfc1 Qd7 24. Nb3 Rc4 25. Nd2 Rxc1+ 26. Rxc1 Rc8 27. Rxc8+
Bxc8 28. Bf1 Ba6 29. Qc2 e6 30. Nb3 h5 31. Nc5 Qc8 32. Qb3 Nxc5 33. Bxc5 Qc6
34. Qb4 h4 35. Qa5 hxg3 36. hxg3 e5 37. a4 exd4 38. exd4 Bc8 1-0

[Event "Østlandsserien 2000/2001, 1. div."]
[Site "Oslo"]
[Date "2001.01.20"]
[Round "4.6"]
[White "Kirkebø, Carl Peter"]
[Black "Strand, Kjetil"]
[Result "0-1"]
[WhiteElo "1938"]
[BlackElo "1972"]
[WhiteTeam "Follo"]
[BlackTeam "Asker"]
[PlyCount "70"]
[EventDate "2000.11.11"]

1. e4 e5 2. Nf3 Nc6 3. Bb5 a6 4. Ba4 Nf6 5. O-O Be7 6. Re1 b5 7. Bb3 d6 8. a4
Bd7 9. c3 b4 10. d4 a5 11. d5 Nb8 12. c4 Na6 13. Bc2 Nc5 14. Nbd2 O-O 15. Nf1
c6 16. Nxe5 dxe5 17. d6 Bg4 18. dxe7 Qxe7 19. f3 Rad8 20. Qe2 Bc8 21. Be3 b3
22. Bb1 Ne6 23. Nd2 Qb4 24. Ra3 Nd4 25. Bxd4 Rxd4 26. Nxb3 Rd7 27. Rc1 Ba6 28.
Bd3 Rfd8 29. Rc3 Ne8 30. h3 Nc7 31. f4 Ne6 32. g3 exf4 33. e5 fxg3 34. Bf5 Rd1+
35. Kg2 Nf4+ 0-1